A history of fishes / (Record no. 66455)
[ view plain ]
| 000 -LEADER | |
|---|---|
| fixed length control field | 00819nam a2200277 a 4500 |
| 001 - CONTROL NUMBER | |
| control field | 66455 |
| 003 - CONTROL NUMBER IDENTIFIER | |
| rucl marc code | BD-RjUL |
| 005 - DATE AND TIME OF LATEST TRANSACTION | |
| control field | 20211209081538.0 |
| 008 - FIXED-LENGTH DATA ELEMENTS--GENERAL INFORMATION | |
| fixed length control field | 170316s1963 enka b 001 0 eng d |
| 035 ## - SYSTEM CONTROL NUMBER | |
| System control number | (BD-RjUL) 66585 |
| 040 ## - CATALOGING SOURCE | |
| Original cataloging agency | DLC |
| Transcribing agency | DLC |
| Modifying agency | BD-RjUL |
| Language of cataloging | eng |
| 041 ## - LANGUAGE CODE | |
| Language code of text/sound track or separate title | eng |
| 082 00 - DEWEY DECIMAL CLASSIFICATION NUMBER | |
| Classification number | 597 |
| Edition number | 23 |
| Author mark and year | NOH 1963 |
| 100 1# - MAIN ENTRY--PERSONAL NAME | |
| Personal name | Norman, J. R. |
| Fuller form of name | (John Roxborough), |
| Dates associated with a name | 1898-1944. |
| 9 (RLIN) | 59819 |
| 245 12 - TITLE STATEMENT | |
| Title | A history of fishes / |
| Statement of responsibility, etc. | J. R. Norman ; ill. by W. P. C. Tenison. |
| 250 ## - EDITION STATEMENT | |
| Edition statement | 2nd ed. |
| 260 ## - PUBLICATION, DISTRIBUTION, ETC. (IMPRINT) | |
| Place of publication, distribution, etc. | London : |
| Name of publisher, distributor, etc. | Ernest Benn, |
| Date of publication, distribution, etc. | c1960 |
| 300 ## - PHYSICAL DESCRIPTION | |
| Pagination | xxxi, 398 p. : |
| Illustrations | ill. ; |
| Size | 24 cm. |
| 500 ## - GENERAL NOTE | |
| General note | "A Halsted Press book." |
| General note | Includes index. |
| 504 ## - BIBLIOGRAPHY, ETC. NOTE | |
| Bibliography, etc | Bibliography: p. 436-437. |
| 650 #0 - SUBJECT ADDED ENTRY--TOPICAL TERM | |
| Topical term or geographic name as entry element | Fishes. |
| 9 (RLIN) | 196672 |
| 700 1# - ADDED ENTRY--PERSONAL NAME | |
| Personal name | Greenwood, Peter Humphry. |
| 942 ## - ADDED ENTRY ELEMENTS (KOHA) | |
| Source of classification or shelving scheme | Dewey Decimal Classification |
| Koha item type | Books |
| Lost status | Source of classification or shelving scheme | Damaged status | Not for loan | Collection code | Permanent Location | Current Location | Shelving location | Date acquired | Source of acquisition | Cost, normal purchase price | Total Checkouts | Full call number | Date last seen | Copy number | Koha item type |
|---|---|---|---|---|---|---|---|---|---|---|---|---|---|---|---|
| Dewey Decimal Classification | Not For Loan | Non-fiction | Central Library, University of Rajshahi | Central Library, University of Rajshahi | Reading Room | 10/06/1970 | Zeitlinger | 45.00 | 597 NOH 1963 | 16/03/2017 | C-1 | Books |